[Event "ESP-ch 88th"]
[Site "Marbella"]
[Date "2023.10.17"]
[Round "5"]
[White "De Lomas Busquets, Alba"]
[Black "Maldonado Mena, German"]
[Result "0-1"]
[WhiteElo "1873"]
[BlackElo "2068"]
[PlyCount "90"]
[EventDate "2023.10.13"]
[EventType "swiss"]
[EventRounds "9"]
[EventCountry "ESP"]
[SourceTitle "Mega2024 Update 01"]
[Source "Chessbase"]
[SourceDate "2023.11.12"]
[SourceVersion "1"]
[SourceVersionDate "2023.11.12"]
[SourceQuality "1"]

1. d4 d5 2. Nf3 Nf6 3. e3 c5 4. dxc5 e6 5. b4 a5 6. c3 Ne4 7. Bd3 axb4 8. Bxe4 dxe4 9. Qxd8+ Kxd8 10. Ng5 Ke8 11. cxb4 f5 12. Bb2 Nc6 13. a3 Be7 14. f4 Bf6 15. Nc3 Ke7 16. Nh3 Rd8 17. Nf2 g5 18. g3 h6 19. Rc1 gxf4 20. gxf4 Bh4 21. Rd1 Rg8 22. Ne2 Bf6 23. Nd4 Nxd4 24. exd4 Bd7 25. h4 Rg2 26. Bc1 Ba4 27. Ke2 Bxd1+ 28. Rxd1 Bxh4 29. Rf1 Kd7 30. b5 Ra4 31. b6 Rc4 32. Be3 Rc2+ 33. Kd1 Ra2 34. Ke1 Rxa3 35. Ke2 Ra2+ 36. Ke1 Bg3 37. d5 exd5 38. Bd4 h5 39. Be3 h4 40. Bd4 h3 41. Be3 h2 42. c6+ Kxc6 43. Bd4 Bxf2+ 44. Bxf2 e3 45. Bxe3 Ra1+ 0-1

[Event "ESP-ch 88th"]
[Site "Marbella"]
[Date "2023.10.16"]
[Round "4"]
[White "Maldonado Mena, German"]
[Black "Perea Fruet, Lorenzo"]
[Result "0-1"]
[WhiteElo "2068"]
[BlackElo "2211"]
[PlyCount "78"]
[EventDate "2023.10.13"]
[EventType "swiss"]
[EventRounds "9"]
[EventCountry "ESP"]
[SourceTitle "Mega2024 Update 01"]
[Source "Chessbase"]
[SourceDate "2023.11.12"]
[SourceVersion "1"]
[SourceVersionDate "2023.11.12"]
[SourceQuality "1"]

1. d4 d5 2. c4 e6 3. Nc3 a6 4. cxd5 exd5 5. Nf3 Nf6 6. Bg5 c6 7. Qc2 Bd6 8. e3 Be6 9. Bd3 Nbd7 10. h3 Qc7 11. Ne2 Qa5+ 12. Kf1 h6 13. Bf4 Qc7 14. g4 0-0-0 15. b4 g5 16. Bxd6 Qxd6 17. Ne5 Nxe5 18. dxe5 Qxe5 19. Nd4 Kd7 20. Rc1 Rc8 21. Kg2 h5 22. Nf3 Qd6 23. Nxg5 hxg4 24. h4 Ke7 25. Qc5 Rh6 26. Qb6 Rc7 27. Qd4 Rc8 28. Qb6 Rch8 29. Qxb7+ Bd7 30. Qb6 Rxh4 31. Qc5 Qxc5 32. bxc5 Rxh1 33. Rxh1 Rxh1 34. Kxh1 Ne8 35. Kg2 f6 36. Nh7 Kf7 37. Kg3 Kg7 38. Kf4 Nc7 39. e4 Ne6+ 0-1

[Event "ESP-ch 88th"]
[Site "Marbella"]
[Date "2023.10.13"]
[Round "1"]
[White "Martinez Fernandez, Adrian"]
[Black "Maldonado Mena, German"]
[Result "1-0"]
[WhiteElo "2421"]
[BlackElo "2068"]
[PlyCount "57"]
[EventDate "2023.10.13"]
[EventType "swiss"]
[EventRounds "9"]
[EventCountry "ESP"]
[SourceTitle "Mega2024 Update 01"]
[Source "Chessbase"]
[SourceDate "2023.11.12"]
[SourceVersion "1"]
[SourceVersionDate "2023.11.12"]
[SourceQuality "1"]

1. c4 e6 2. Nf3 d5 3. b3 Nf6 4. g3 Be7 5. Bg2 0-0 6. 0-0 c5 7. Bb2 Nc6 8. cxd5 Nxd5 9. Nc3 Bf6 10. Qc2 Nxc3 11. dxc3 Qc7 12. b4 Bd7 13. bxc5 Qa5 14. Nd2 Be7 15. Nb3 Qa4 16. c4 Rfd8 17. a3 Be8 18. Rac1 Rac8 19. Be4 f5 20. Bg2 Bg6 21. f4 Rd7 22. Kh1 Rcd8 23. Bf3 Na5 24. Qc3 Bf6 25. Qxa5 Qxa5 26. Nxa5 Bxb2 27. Rb1 Bxa3 28. Nxb7 Rf8 29. Rb3 1-0

[Event "ESP-chT CECLUB Div2"]
[Site "Linares"]
[Date "2023.08.18"]
[Round "7.29"]
[White "Maldonado Mena, German"]
[Black "Sierra Vallina, Lionel"]
[Result "0-1"]
[WhiteElo "2049"]
[BlackElo "2211"]
[PlyCount "48"]
[EventDate "2023.08.13"]
[EventType "team-swiss"]
[EventRounds "7"]
[EventCountry "ESP"]
[SourceTitle "EXT 2024"]
[Source "ChessBase"]
[SourceDate "2023.10.10"]
[SourceVersion "1"]
[SourceVersionDate "2023.10.10"]
[SourceQuality "1"]
[WhiteTeam "Marbella Metro"]
[BlackTeam "Gijon 64"]
[WhiteTeamCountry "ESP"]
[BlackTeamCountry "ESP"]

1. d4 d5 2. c4 e6 3. Nc3 a6 4. cxd5 exd5 5. Qb3 Bd6 6. e4 dxe4 7. Bc4 Qe7 8. Nd5 Qd7 9. a4 Nc6 10. Qe3 Nge7 11. Qxe4 0-0 12. Nxe7+ Bxe7 13. Be3 Re8 14. 0-0-0 Na5 15. Bd5 Qxa4 16. Nf3 Bf6 17. Bxf7+ Kxf7 18. Qxh7 Qc4+ 19. Kb1 Qd5 20. Ng5+ Bxg5 21. Qh5+ Kf6 22. Rd3 g6 23. Qh7 Bf5 24. Bxg5+ Kxg5 0-1

[Event "Calvia Amateur op 19th"]
[Site "Calvia"]
[Date "2022.10.08"]
[Round "1"]
[White "Maldonado Mena, German"]
[Black "Ramon Sanchez Campins, Pedro"]
[Result "1-0"]
[WhiteElo "2104"]
[BlackElo "1689"]
[PlyCount "79"]
[EventDate "2022.10.08"]
[EventType "swiss"]
[EventRounds "9"]
[EventCountry "ESP"]
[SourceTitle "CBM 210 Extra"]
[Source "ChessBase"]
[SourceDate "2022.11.30"]
[SourceVersion "1"]
[SourceVersionDate "2022.11.30"]
[SourceQuality "1"]

1. d4 d5 2. Nc3 Nf6 3. Bf4 c6 4. f3 e6 5. e4 Bb4 6. e5 Bxc3+ 7. bxc3 Nfd7 8. Bd3 c5 9. Nh3 h6 10. 0-0 Nc6 11. Be3 c4 12. Be2 Ne7 13. f4 Nf5 14. Bf2 g6 15. g4 Ng7 16. Qe1 Kf8 17. Bh4 Qe8 18. Bf6 Kg8 19. Qg3 Rh7 20. Rae1 Nf8 21. Nf2 Bd7 22. Nd1 b5 23. Ne3 a5 24. f5 Ra7 25. a3 Bc8 26. Rf2 Qc6 27. Ref1 Ne8 28. fxg6 Nxg6 29. h4 Nxf6 30. Rxf6 Qe8 31. h5 Nh8 32. g5 hxg5 33. Ng4 Kf8 34. R6f2 Qe7 35. Nf6 Rg7 36. h6 Rg6 37. Bh5 Qxa3 38. Bxg6 Nxg6 39. Qxg5 Qe7 40. h7 1-0

[Event "ESP-ch 87th"]
[Site "Linares"]
[Date "2022.08.12"]
[Round "2"]
[White "Maldonado Mena, German"]
[Black "Martinez Fernandez, Adrian"]
[Result "0-1"]
[WhiteElo "2106"]
[BlackElo "2347"]
[PlyCount "62"]
[EventDate "2022.08.11"]
[EventType "swiss"]
[EventRounds "9"]
[EventCountry "ESP"]
[SourceTitle "CBM 209 Extra"]
[Source "ChessBase"]
[SourceDate "2022.09.30"]
[SourceVersion "1"]
[SourceVersionDate "2022.09.30"]
[SourceQuality "1"]

1. d4 Nf6 2. c4 e6 3. Nc3 d5 4. cxd5 exd5 5. Bg5 c6 6. e3 h6 7. Bh4 Be7 8. Bd3 0-0 9. Qc2 Re8 10. Nf3 Ne4 11. Bxe7 Qxe7 12. Bxe4 dxe4 13. Ne5 f6 14. Ng6 Qf7 15. Nf4 f5 16. h4 Nd7 17. g4 fxg4 18. Nxe4 Nf8 19. Kd2 Rd8 20. Nd3 Bf5 21. Ne5 Qe6 22. Ke2 Ng6 23. Nc5 Qxe5 24. dxe5 Bxc2 25. Rac1 Bf5 26. e4 Bd7 27. e6 Nf4+ 28. Ke3 Nxe6 29. Nxb7 Rdb8 30. Na5 Rxb2 31. Rhd1 Rf8 0-1

[Event "ESP-ch U16 Rapid"]
[Site "Salobrena"]
[Date "2022.07.31"]
[Round "6"]
[White "Maldonado Mena, German"]
[Black "Sanchez Aguilar, Arnau"]
[Result "0-1"]
[WhiteElo "1633"]
[BlackElo "1896"]
[PlyCount "114"]
[EventDate "2022.07.30"]
[EventType "swiss (rapid)"]
[EventRounds "9"]
[EventCountry "ESP"]
[SourceTitle "EXT 2023"]
[Source "ChessBase"]
[SourceDate "2022.10.05"]
[SourceVersion "1"]
[SourceVersionDate "2022.10.05"]
[SourceQuality "1"]

1. d4 d5 2. c4 e6 3. Nc3 Nf6 4. cxd5 exd5 5. Bg5 Bb4 6. Qa4+ Nc6 7. e3 h6 8. Bxf6 Qxf6 9. Nge2 Bd7 10. Qb3 Qd6 11. a3 Ba5 12. 0-0-0 Bxc3 13. Nxc3 Be6 14. Kb1 0-0 15. e4 Rfd8 16. Ka1 Ne7 17. e5 Qb6 18. Qxb6 axb6 19. Nb5 c5 20. Be2 Nc6 21. Bf3 cxd4 22. Nxd4 Nxe5 23. Rhe1 Nxf3 24. Nxf3 Bg4 25. Re7 Bxf3 26. gxf3 Rab8 27. Rc1 Rd6 28. Rcc7 Rf6 29. Rxb7 Rc8 30. Red7 Rc5 31. Rb8+ Kh7 32. Rbd8 Rxf3 33. Rxd5 Rc2 34. Rd2 Rxf2 35. Rxc2 Rxc2 36. Rd6 Rxh2 37. Rxb6 g5 38. a4 g4 39. Rb3 Rh3 40. Rb4 g3 41. Rg4 h5 42. Rg5 f6 43. Rc5 g2 44. Rc7+ Kg6 45. Rc1 Rh1 46. Ka2 Rxc1 47. a5 g1Q 48. a6 Ra1+ 49. Kb3 Rxa6 50. Kc3 Qc5+ 51. Kd3 Rb6 52. b4 Rxb4 53. Kd2 Rb2+ 54. Kd3 Rb3+ 55. Kd2 Qc3+ 56. Ke2 Rb2+ 57. Kd1 Qd2# 0-1

[Event "Seville op 47th"]
[Site "Seville"]
[Date "2022.07.22"]
[Round "8"]
[White "Maldonado Mena, German"]
[Black "Garcia Fernandez, Victor"]
[Result "1/2-1/2"]
[WhiteElo "2061"]
[BlackElo "2158"]
[PlyCount "93"]
[EventDate "2022.07.16"]
[EventType "swiss"]
[EventRounds "9"]
[EventCountry "ESP"]
[SourceTitle "CBM 209 Extra"]
[Source "ChessBase"]
[SourceDate "2022.09.30"]
[SourceVersion "1"]
[SourceVersionDate "2022.09.30"]
[SourceQuality "1"]

1. Nf3 d5 2. d4 Nf6 3. c4 e6 4. g3 dxc4 5. Bg2 Bb4+ 6. Bd2 a5 7. Qc2 0-0 8. Qxc4 Na6 9. 0-0 c6 10. a3 Be7 11. Nc3 Nc7 12. Ne5 Ncd5 13. e4 Nb6 14. Qd3 Nfd7 15. Nf3 a4 16. Rad1 e5 17. dxe5 Nc5 18. Qc2 Qd3 19. Qxd3 Nxd3 20. Be3 Nxb2 21. Bxb6 Nxd1 22. Rxd1 Ra6 23. Rb1 Bxa3 24. Bf1 Ra8 25. Nd2 Be7 26. Nc4 a3 27. f4 a2 28. Ra1 Ra6 29. Rxa2 Rxb6 30. Nxb6 Bc5+ 31. Kg2 Bxb6 32. Na4 Bd4 33. Rd2 Be3 34. Rd3 Ba7 35. Rd6 Be6 36. Kf3 Rc8 37. f5 Bb3 38. Nb2 Bc5 39. Rd3 Ba2 40. Na4 Bf8 41. Nb6 Re8 42. Rd7 g6 43. Rd2 Bb3 44. Rd3 Ba2 45. Rd2 Bb3 46. Rd3 Ba2 47. Rd2 1/2-1/2

[Event "Andalusia-ch U18"]
[Site "Salobrena"]
[Date "2022.07.02"]
[Round "4"]
[White "Hidalgo Arellano, Patricio"]
[Black "Maldonado Mena, German"]
[Result "0-1"]
[WhiteElo "1707"]
[BlackElo "2109"]
[PlyCount "82"]
[EventDate "2022.06.30"]
[EventType "swiss"]
[EventRounds "6"]
[EventCountry "ESP"]
[SourceTitle "EXT 2023"]
[Source "ChessBase"]
[SourceDate "2022.10.05"]
[SourceVersion "1"]
[SourceVersionDate "2022.10.05"]
[SourceQuality "1"]

1. c4 e6 2. Nf3 Nf6 3. d4 d5 4. g3 Be7 5. Bg2 0-0 6. 0-0 dxc4 7. Qc2 a6 8. a4 Bd7 9. Ne5 Nc6 10. Nxc6 Bxc6 11. Bxc6 bxc6 12. Qxc4 Qd5 13. Qxd5 cxd5 14. b3 Rfb8 15. Nd2 Bb4 16. Rb1 Rb7 17. Nf3 Ne4 18. Bf4 f6 19. h4 Rab8 20. Rb2 Bd6 21. Bxd6 cxd6 22. Rc1 Rxb3 23. Rxb3 Rxb3 24. Rc6 a5 25. Ra6 Nc3 26. e3 Rb1+ 27. Kg2 Rb2 28. Ng1 Nd1 29. Rxa5 Rxf2+ 30. Kh3 Nxe3 31. Ra8+ Kf7 32. a5 h5 33. Rh8 Ng4 34. Rxh5 f5 35. Nf3 Rxf3 36. Kg2 Rf2+ 37. Kg1 Ra2 38. Rh7 Kg8 39. Rh5 Nf6 40. Rg5 Ne4 41. Rg6 Kf7 0-1

[Event "Andalusia-ch U18"]
[Site "Salobrena"]
[Date "2022.06.30"]
[Round "1"]
[White "Maldonado Mena, German"]
[Black "Molina Souponitskaia, Alexander"]
[Result "1-0"]
[WhiteElo "2109"]
[BlackElo "1693"]
[PlyCount "119"]
[EventDate "2022.06.30"]
[EventType "swiss"]
[EventRounds "6"]
[EventCountry "ESP"]
[SourceTitle "EXT 2023"]
[Source "ChessBase"]
[SourceDate "2022.10.05"]
[SourceVersion "1"]
[SourceVersionDate "2022.10.05"]
[SourceQuality "1"]

1. d4 d5 2. c4 e6 3. Nc3 a6 4. Qb3 c5 5. cxd5 exd5 6. Qxd5 cxd4 7. Qxd8+ Kxd8 8. Ne4 h6 9. Nf3 Nc6 10. Bf4 Bb4+ 11. Bd2 Bxd2+ 12. Kxd2 Be6 13. Nc5 Kc7 14. Nxe6+ fxe6 15. e3 e5 16. Rc1 Kb6 17. exd4 exd4 18. Rc4 Rd8 19. Bd3 Nf6 20. Re1 Rhe8 21. Rxe8 Nxe8 22. h4 Nd6 23. Rc1 Re8 24. a3 Re7 25. h5 Nf7 26. Nh4 Nfe5 27. Re1 Rf7 28. f3 Nxd3 29. Kxd3 Rf4 30. Re4 Rf6 31. g4 Kc5 32. Nf5 a5 33. f4 g6 34. Nxh6 gxh5 35. g5 Rg6 36. Nf5 a4 37. Nh4 Rg8 38. Nf3 Rf8 39. g6 Kd5 40. Nxd4 Nxd4 41. Rxd4+ Ke6 42. Ke4 h4 43. Rb4 Kf6 44. Rb6+ Kg7 45. f5 h3 46. Rxb7+ Kf6 47. Kf4 h2 48. Rh7 h1Q 49. Rxh1 Rc8 50. Re1 Rc4+ 51. Re4 Rc2 52. Re6+ Kg7 53. Re7+ Kf8 54. g7+ Kg8 55. f6 Rf2+ 56. Ke5 Re2+ 57. Kd6 Rd2+ 58. Ke6 Re2+ 59. Kd7 Rd2+ 60. Ke8 1-0

[Event "Colonia de Sant Jordi 1st"]
[Site "Colonia de Sant Jordi"]
[Date "2022.06.11"]
[Round "9"]
[White "Maldonado Mena, German"]
[Black "Cesar Maestre, Bernardo"]
[Result "0-1"]
[WhiteElo "2109"]
[BlackElo "2356"]
[PlyCount "64"]
[EventDate "2022.06.03"]
[EventType "tourn"]
[EventRounds "9"]
[EventCountry "ESP"]
[EventCategory "3"]
[SourceTitle "CBM 208 Extra"]
[Source "ChessBase"]
[SourceDate "2022.07.31"]
[SourceVersion "1"]
[SourceVersionDate "2022.07.31"]
[SourceQuality "1"]

1. d4 Nf6 2. c4 e6 3. Nc3 Bb4 4. Qc2 0-0 5. e4 d6 6. a3 Bxc3+ 7. bxc3 e5 8. Bd3 c5 9. d5 Nh5 10. Ne2 Qf6 11. h4 Nf4 12. Bxf4 exf4 13. Qd2 f3 14. gxf3 Qxf3 15. Rg1 Nd7 16. Qh6 Qf6 17. Qg5 Qxg5 18. hxg5 Ne5 19. 0-0-0 Bg4 20. Kc2 Bf3 21. Rb1 b6 22. Ng3 g6 23. Nf1 f6 24. Nd2 fxg5 25. Rxg5 Rf4 26. Rg3 Raf8 27. Rf1 Bg4 28. Rfg1 Bd7 29. Kd1 Rxf2 30. Be2 Ba4+ 31. Ke1 Bc2 32. Bf3 Nd3# 0-1

[Event "Colonia de Sant Jordi 1st"]
[Site "Colonia de Sant Jordi"]
[Date "2022.06.06"]
[Round "4"]
[White "Campos Moreno, Javier B"]
[Black "Maldonado Mena, German"]
[Result "1-0"]
[WhiteElo "2415"]
[BlackElo "2109"]
[PlyCount "51"]
[EventDate "2022.06.03"]
[EventType "tourn"]
[EventRounds "9"]
[EventCountry "ESP"]
[EventCategory "3"]
[SourceTitle "CBM 208 Extra"]
[Source "ChessBase"]
[SourceDate "2022.07.31"]
[SourceVersion "1"]
[SourceVersionDate "2022.07.31"]
[SourceQuality "1"]

1. e4 c5 2. Nf3 Nc6 3. d4 cxd4 4. Nxd4 Nf6 5. Nc3 d6 6. Be2 e5 7. Nf3 h6 8. 0-0 Be7 9. Re1 0-0 10. h3 Be6 11. Bf1 Qb8 12. Nd5 Bxd5 13. exd5 Nb4 14. c4 b5 15. a3 Na6 16. cxb5 Nc5 17. b4 Ncd7 18. Nd4 Nb6 19. Nf5 Re8 20. Qf3 Kh7 21. Bd3 e4 22. Nxe7 Rxe7 23. Bb2 Nbxd5 24. Rxe4 Kg8 25. Bxf6 gxf6 26. Rg4+ 1-0

[Event "Colonia de Sant Jordi 1st"]
[Site "Colonia de Sant Jordi"]
[Date "2022.06.04"]
[Round "2"]
[White "Maldonado Mena, German"]
[Black "Massanet Massanet, Sebastian"]
[Result "0-1"]
[WhiteElo "2109"]
[BlackElo "2195"]
[PlyCount "66"]
[EventDate "2022.06.03"]
[EventType "tourn"]
[EventRounds "9"]
[EventCountry "ESP"]
[EventCategory "3"]
[SourceTitle "CBM 208 Extra"]
[Source "ChessBase"]
[SourceDate "2022.07.31"]
[SourceVersion "1"]
[SourceVersionDate "2022.07.31"]
[SourceQuality "1"]

1. d4 e6 2. c4 d5 3. Nc3 Bb4 4. cxd5 exd5 5. Qa4+ Nc6 6. a3 Bxc3+ 7. bxc3 Bf5 8. Nf3 Nge7 9. g3 0-0 10. Bg2 Nc8 11. Ne5 Nxe5 12. dxe5 Nb6 13. Qf4 Qd7 14. Be3 Rfe8 15. 0-0 Bh3 16. Bxb6 Bxg2 17. Kxg2 axb6 18. Rfd1 Qe6 19. e4 Ra5 20. exd5 Rxd5 21. Rxd5 Qxd5+ 22. Qf3 Rxe5 23. Rd1 Qxf3+ 24. Kxf3 Kf8 25. Rd3 Ke7 26. Kf4 Ra5 27. c4 Ra4 28. Re3+ Kf6 29. Re4 Rxa3 30. h4 h6 31. h5 c6 32. g4 Ra4 33. Rd4 b5 0-1

[Event "Casabermeja op"]
[Site "Casabermeja"]
[Date "2021.09.09"]
[Round "1"]
[White "Pena Rodriguez, Alvaro"]
[Black "Maldonado Mena, German"]
[Result "0-1"]
[WhiteElo "1582"]
[BlackElo "2081"]
[PlyCount "95"]
[EventDate "2021.09.09"]
[EventType "swiss"]
[EventRounds "7"]
[EventCountry "ESP"]
[SourceTitle "CBM 204 Extra"]
[Source "ChessBase"]
[SourceDate "2021.11.30"]
[SourceVersion "1"]
[SourceVersionDate "2021.11.30"]
[SourceQuality "1"]

1. e4 c5 2. Nc3 Nc6 3. Nf3 d6 4. d4 cxd4 5. Nxd4 Nf6 6. Be2 e5 7. Nb3 Be7 8. Be3 0-0 9. 0-0 a5 10. f3 a4 11. Nd2 Be6 12. a3 Nd4 13. Kh1 Nxe2 14. Qxe2 d5 15. exd5 Nxd5 16. Nxd5 Qxd5 17. Rfd1 Rac8 18. c3 Qc6 19. Bf2 f6 20. Ne4 Bc4 21. Qe1 Bb3 22. Rd2 Rfd8 23. Rxd8+ Rxd8 24. Nd2 Be6 25. h3 Qb5 26. Rb1 Ba2 27. c4 Qd7 28. Rd1 Qd3 29. Bb6 Rd7 30. Ra1 Qxd2 31. Qxd2 Rxd2 32. Rxa2 Rd1+ 33. Kh2 Rc1 34. c5 Bxc5 35. Bxc5 Rxc5 36. Ra1 Rb5 37. Rc1 Rxb2 38. Rc4 b5 39. Rc8+ Kf7 40. Rb8 h5 41. h4 f5 42. Kg3 f4+ 43. Kh3 Rb3 44. Kh2 Ke6 45. Re8+ Kd6 46. Rd8+ Kc6 47. Rc8+ Kb6 48. Kg1 0-1

[Event "ESP-chT CECLUB Div2"]
[Site "Linares"]
[Date "2021.08.12"]
[Round "5.3"]
[White "Glavina, Pablo"]
[Black "Maldonado Mena, German"]
[Result "1-0"]
[WhiteElo "2411"]
[BlackElo "2061"]
[PlyCount "55"]
[EventDate "2021.08.09"]
[EventType "team-swiss"]
[EventRounds "7"]
[EventCountry "ESP"]
[SourceTitle "CBM 203 Extra"]
[Source "ChessBase"]
[SourceDate "2021.09.30"]
[SourceVersion "1"]
[SourceVersionDate "2021.09.30"]
[SourceQuality "1"]
[WhiteTeam "Casablanca Myinvestor"]
[BlackTeam "Marbella Metro"]
[WhiteTeamCountry "ESP"]
[BlackTeamCountry "ESP"]

1. e4 c5 2. c3 Nf6 3. e5 Nd5 4. Nf3 Nc6 5. d4 cxd4 6. cxd4 d6 7. Bc4 Nb6 8. Bb5 d5 9. Nc3 Bg4 10. h3 Bxf3 11. Qxf3 a6 12. e6 fxe6 13. Bxc6+ bxc6 14. Bf4 g6 15. Be5 Rg8 16. 0-0 Nc4 17. Rfe1 Nxe5 18. Rxe5 Bg7 19. Rxe6 Qd7 20. Rae1 Bxd4 21. Qf4 Bxc3 22. bxc3 Rf8 23. Qe5 Ra7 24. Qg7 c5 25. Qxh7 d4 26. cxd4 cxd4 27. Qxg6+ Rf7 28. Rf6 1-0

[Event "ESP-chT CECLUB Div2"]
[Site "Linares"]
[Date "2021.08.10"]
[Round "3.5"]
[White "Camarena Gimenez, Rufino"]
[Black "Maldonado Mena, German"]
[Result "1-0"]
[WhiteElo "2300"]
[BlackElo "2061"]
[PlyCount "35"]
[EventDate "2021.08.09"]
[EventType "team-swiss"]
[EventRounds "7"]
[EventCountry "ESP"]
[SourceTitle "CBM 203 Extra"]
[Source "ChessBase"]
[SourceDate "2021.09.30"]
[SourceVersion "1"]
[SourceVersionDate "2021.09.30"]
[SourceQuality "1"]
[WhiteTeam "Xeraco CE"]
[BlackTeam "Marbella Metro"]
[WhiteTeamCountry "ESP"]
[BlackTeamCountry "ESP"]

1. d4 d5 2. c4 e6 3. Nc3 c5 4. cxd5 exd5 5. Nf3 Nf6 6. g3 Nc6 7. Bg2 cxd4 8. Nxd4 Bc5 9. Nb3 Bb6 10. Nxd5 Be6 11. e4 Bg4 12. Bf3 Bxf3 13. Qxf3 Ne5 14. Qc3 Bxf2+ 15. Kf1 Neg4 16. Nc7+ Kf8 17. Nxa8 Qxa8 18. h3 1-0